| 000 | 00567nmm a2200229 a 4500 | ||
|---|---|---|---|
| 003 | AR-BaBNM | ||
| 005 | 20251128211401.0 | ||
| 008 | 154020s2002 ||||||||||||||000 | spa|| | ||
| 020 | _a987-9243-92-7 | ||
| 040 | _cAR-BaBNM | ||
| 100 | 1 | _aZibell, Rodolfo | |
| 245 | 1 | 0 | _aEs duro crecer desde la infancia |
| 260 |
_aBuenos Aires _bEdiciones Simurg _c2002 |
||
| 300 | _a187 p. | ||
| 650 | 4 | _aLITERATURA ARGENTINA | |
| 650 | 4 | _aLITERATURA CONTEMPORANEA | |
| 650 | 4 | _aNOVELAS | |
| 653 | _aNARRATIVA | ||
| 655 | _aLITERATURA | ||
| 942 | _cBK | ||
| 998 | _cmartin | ||
| 999 |
_c19441 _d19441 |
||